Dental clinics of North America : (Record no. 26533)
[ view plain ]
| 000 -LEADER | |
|---|---|
| fixed length control field | 02109cam a22002775a 4500 |
| 001 - CONTROL NUMBER | |
| control field | 013334892 |
| 003 - CONTROL NUMBER IDENTIFIER | |
| control field | OSt |
| 005 - DATE AND TIME OF LATEST TRANSACTION | |
| control field | 20180417160325.0 |
| 008 - FIXED-LENGTH DATA ELEMENTS--GENERAL INFORMATION | |
| fixed length control field | 051010s2005 paua b 001 0 eng d |
| 020 ## - INTERNATIONAL STANDARD BOOK NUMBER | |
| International Standard Book Number | 1416028226 |
| 020 ## - INTERNATIONAL STANDARD BOOK NUMBER | |
| International Standard Book Number | 9781416028222 |
| 040 ## - CATALOGING SOURCE | |
| Original cataloging agency | COU |
| Transcribing agency | COU |
| Language of cataloging | eng |
| Modifying agency | EG-ScBUE |
| 082 04 - DEWEY DECIMAL CLASSIFICATION NUMBER | |
| Edition number | 22 |
| Classification number | 617.6005 |
| Item number | DEN |
| 245 00 - TITLE STATEMENT | |
| Title | Dental clinics of North America : |
| Remainder of title | Incipient and hidden caries / |
| Statement of responsibility, etc | guest editor Daniel W. Boston. |
| 260 ## - PUBLICATION, DISTRIBUTION, ETC. (IMPRINT) | |
| Place of publication, distribution, etc | Philadelphia : |
| Name of publisher, distributor, etc | Saunders, |
| Date of publication, distribution, etc | 2005. |
| 300 ## - PHYSICAL DESCRIPTION | |
| Extent | 1 v. (Various pagings) : |
| Other physical details | ill. ; |
| Dimensions | 24 cm. |
| 490 0# - Series Statement | |
| Series statement | Dental clinics of North America, |
| International Standard Serial Number | 0011-8532 ; |
| Volume/sequential designation | v. 49, no. 4 |
| 504 ## - BIBLIOGRAPHY, ETC. NOTE | |
| Bibliography, etc | Includes bibliographical references and index. |
| 505 0# - FORMATTED CONTENTS NOTE | |
| Formatted contents note | Defining, classifying, and placing incipient caries lesions in perspective / Graham J. Mount -- Association of diet with dental caries in preschool children / Norman Tinanoff -- Utility of radiology, laser fluorescence, and transillumination / Jie Yang and Vinicius Dutra -- Quantitative light fluorescence: a technology for early monitoring of the caries process / George K. Stookey -- Early caries imaging and monitoring with near-infrared light / Daniel Fried ... [et al.] -- Dental hygiene participation in managing incipient and hidden caries / Caren M. Barnes -- Preventive resin restorations and sealants in light of current evidence / Richard J. Simonsen -- Treatment decisions and conservation of tooth structure / Joseph B. Dennison and James C. Hamilton -- Conservative operative management strategies / Dorothy McComb -- Contemporary treatment of incipient caries and the rationale for conservative operative techniques / Howard E. Strassler, Judith Porter, and Cheryl L. Serio -- Bonding and curing considerations for incipient and hidden caries / Mark A. Latta and William T. Naughton -- Nonsurgical treatment of incipient and hidden caries / Van P. Thompson and James M. Kaim. |
| 650 #7 - SUBJECT ADDED ENTRY--TOPICAL TERM | |
| Topical term or geographic name as entry element | Dental caries. |
| 9 (RLIN) | 41374 |
| Source of heading or term | BUEsh |
| 651 ## - SUBJECT ADDED ENTRY--GEOGRAPHIC NAME | |
| Source of heading or term | BUEsh |
| 653 ## - INDEX TERM--UNCONTROLLED | |
| Resource For college | Generalities |
| -- | |
| Arrived date list | April2018 |
| 700 1# - ADDED ENTRY--PERSONAL NAME | |
| Personal name | Boston, Daniel W., |
| Relator term | editor. |
| 856 ## - ELECTRONIC LOCATION AND ACCESS | |
| Materials specified | 1850-9999 |
| Uniform Resource Identifier | <a href="http://www.elsevier.com/journals">http://www.elsevier.com/journals</a> |
| 942 ## - ADDED ENTRY ELEMENTS (KOHA) | |
| Source of classification or shelving scheme | Dewey Decimal Classification |
| Withdrawn status | Item status | Source of classification or shelving scheme | Damaged status | Not for loan | Home library | Current library | Shelving location | Date acquired | Total Checkouts | Full call number | Barcode | Date last seen | Koha item type |
|---|---|---|---|---|---|---|---|---|---|---|---|---|---|
| Dewey Decimal Classification | Central Library | Central Library | First floor | 17/04/2018 | 617.6005 DEN | 000047635 | 15/07/2025 | Book - Borrowing |